| 000 | 00354nam a2200133Ia 4500 | ||
|---|---|---|---|
| 008 | 220217s9999||||xx |||||||||||||| ||und|| | ||
| 020 | _a81-7648-351-6 | ||
| 082 | _a004.03 BAN | ||
| 100 | _aBansal, S.K | ||
| 245 | 0 | _aDictionary of IT terms | |
| 260 |
_aAPH publishing corporation _bNew Delhi _c2002 |
||
| 300 | _b795 | ||
| 650 | _aCOMPUTER SCIENCE | ||
| 999 |
_c171286 _d171286 |
||